000 01135nam a2200313 a 4500
001 000112388
003 CHAP
005 20220329144302.0
008 160308s2016 mx a fsm |||||||spa d
010 _a108849
011 _a109821
040 _cCHAP
090 _aTesis
100 1 _aVázquez Gutiérrez, Santiago
_9130655
245 1 0 _aAnálisis de los índices de competitividad del mango producido en México en el mercado mundial/
_h[En línea]
_cpor Santiago Vázquez Gutiérrez.
260 _aChapingo, Méx. :
_bEl autor,
_c2016.
500 _aPara ver el contenido del material haga clic en la liga
502 _aTesis (Ing. en Economía Agrícola) -- UACH. División de Ciencias Económico Administrativas
590 _aE6096MTM
_b05
_c20160308
_lUCH01
_h1442
590 _aE6096MTM
_b05
_c20160308
_lUCH01
_h1443
650 1 4 _aComercio internacional.
_925641
650 1 4 _aMango
_xExportación.
_970415
650 1 4 _aMango
_xMercadeo.
_970434
650 1 4 _aMango
_xRendimiento.
_970455
856 _aFinding aid
_uhttp://10.13.5.2/tesis/sist112388.pdf
_zTeclea aquí
901 _aBK
942 _cTESIS
942 _n0
999 _c108849
_d108849